Statistics for The Seven Dwarves Names

Click here to take the quiz!

General Stats

  • This quiz has been taken 844 times
  • The average score is 4 of 7

Answer Stats

Answer% Correct
sleepy
69%
doc
61%
grumpy
59%
dopey
57%
happy
55%
bashful
43%
sneezy
23%

Score Distribution

Percentile by Number Answered

Percent of People with Each Score

Your Score History

You have not taken this quiz